| 000 | 00584nam a2200217Ia 4500 | ||
|---|---|---|---|
| 003 | GCL | ||
| 008 | 140319s9999 xx 000 0 eng d | ||
| 020 | _a1857150260 | ||
| 040 |
_aGCL / _cGCL |
||
| 082 | 0 | 4 |
_a823 _bS G |
| 100 | 1 | _aSWIFT, JONATHAN | |
| 245 | 1 | 0 |
_aGULLIVER'S TRAVELS / _cSWIFT, JONATHAN |
| 700 | 1 | _aROGERS, PAT | |
| 260 |
_aانجلترا : _bEVERYMAN'S LIBRARY ، _c1991 |
||
| 300 |
_a21 CM ؛ _cXXXVIII, 318 P |
||
| 490 |
_aTHE MILLENNIUM LIBRARY _v26 |
||
| 650 | 0 | 4 | _aENGLISH LITERATURE |
| 650 | 0 | 4 | _aLITERATURE |
| 650 | 0 | 4 | _aENGLISH FICTION |
| 942 |
_2ddc _cBK |
||
| 999 |
_c6434 _d6434 |
||